| 000 | 01164cam a2200361 i 4500 | ||
|---|---|---|---|
| 999 |
_c200449991 _d68203 |
||
| 001 | 200449991 | ||
| 003 | TR-AnTOB | ||
| 005 | 20220915094624.0 | ||
| 007 | ta | ||
| 008 | 190301s2018 tu 000 0 tur d | ||
| 020 | _a9786052290149 | ||
| 040 |
_aTR-AnTOB _beng _erda _cTR-AnTOB |
||
| 041 | 0 | _atur | |
| 050 | 1 | 4 |
_aGR830.V3 _bS2775 2018 |
| 090 |
_aGR830.V3 _bS2775 2018 |
||
| 100 | 1 |
_aSarpkaya, Seçkin, _d1988- _eauthor _9138412 |
|
| 245 | 1 | 0 |
_aTürk kültüründe vampirler / _cSeçkin Sarpkaya, Mehmet Berk Yaltırık. |
| 246 | 1 | 4 | _aTürk kültüründe vampirler : Oburlar, yalmavuzlar ve diğerleri. |
| 250 | _a1. baskı: Haziran 2018 | ||
| 264 | 1 |
_aAnkara : _bKarakum Yayınevi, _c2018. |
|
| 300 |
_a170 pages ; _c21 cm |
||
| 336 |
_atext _btxt _2rdacontent |
||
| 337 |
_aunmediated _bn _2rdamedia |
||
| 338 |
_avolume _bnc _2rdacarrier |
||
| 490 | 0 | _aEdebiyat - Halk bilimi | |
| 650 | 7 |
_aDemonoloji _9138413 _2etuturkob |
|
| 650 | 0 |
_aVampirler _9126204 |
|
| 650 | 0 |
_aMasallar _zTürkiye _97037 |
|
| 653 | _aFantastik edebiyat -- İnceleme | ||
| 700 | 1 |
_aYaltırık, Mehmet Berk _eauthor _9138422 |
|
| 942 |
_2lcc _cBK |
||